Statistics for Nobody's Home Avril Lavigne lyrics

Click here to take the quiz!

General Stats

  • This quiz has been taken 16 times
  • The average score is 183 of 222

Answer Stats

Answer% Correct
home
100%
I
100%
no
100%
nobody's
100%
she
100%
be
92%
but
92%
couldn't
92%
eyes
92%
go
92%
her
92%
know
92%
that
92%
to
92%
wants
92%
why
92%
you
92%
and
85%
behind
85%
belongs
85%
broken
85%
can't
85%
don't
85%
dry
85%
find
85%
inside
85%
losing
85%
many
85%
mind
85%
now
85%
open
85%
place
85%
problems
85%
tell
85%
too
85%
way
85%
what
85%
everyday
77%
faith
77%
falling
77%
felt
77%
help
77%
lies
77%
look
77%
the
77%
where
77%
your
77%
again
69%
been
69%
dreams
69%
feelings
69%
it
69%
just
69%
left
69%
make
69%
outside
69%
reasons
69%
rejected
69%
same
69%
she's
69%
strong
69%
that's
69%
watched
69%
what's
69%
wrong
69%
all
62%
from
62%
hides
62%
mistakes
62%
yeah
62%
you've
62%
grace
54%
over
54%
lost
46%
there's
38%
ah
31%

Score Distribution

Percentile by Number Answered

Percent of People with Each Score

Your Score History

You have not taken this quiz